00296nam a2200121Ia 4500008004100000100001700041245002100058260002800079300000900107650003400116942000700150999001700157190216s9999||||xx |||||||||||||| ||und|| aDamodharan K 0aKeralacharithram bKerala Basha Instc1975 a320p aKerala History-Kerala History cBK c37501d37501